United Kingdom: A Question for each Overseas Territory - Statistics

General Stats
  • This quiz has been taken 444 times
  • The average score is 11 of 14
Answer Stats
Territory Question Answer % Correct
Bermuda Area where aircraft and boats are said to have mysteriously disappeared Bermuda {Triangle}
99%
Gibraltar Country which Gibraltar shares a border with Spain
96%
Cayman Islands Income Tax Rate on the Cayman Islands {0}%
92%
Falkland Islands British Prime Minister during the Falklands War Margaret Thatcher
91%
Saint Helena, Ascension and Tristan da Cunha Leader who was exiled to Saint Helena in 1815 Napoleon Bonaparte
90%
British Antarctic Territory Name either of the countries whose Antarctic claims overlap with that of the UK Argentina | Chile
89%
Sovereign Base Areas of Akrotiri and Dhekelia Mediterranean island on which they are located Cyprus
89%
Montserrat Southern Montserrat is in an 'exclusion zone' due to activity from this type of natural feature Volcano
84%
Anguilla Marine mammal which features on Anguilla's flag Dolphin
76%
South Georgia and the South Sandwich Islands The government protects 1.3 million pairs of this animal which breed here Chinstrap {Penguin}
73%
Pitcairn Islands Islanders are mostly descended from mutineers of this ship HMS {Bounty}
72%
Turks and Caicos Islands National sport of the Turks and Caicos Islands Cricket
68%
British Indian Ocean Territory Nation seeking control of the Chagos Archipelago Mauritius
56%
British Virgin Islands Largest and most populous of the islands Tortola
15%
No matching quizzes found
Score Distribution
Percent of People with Each Score
Percentile by Number Answered
Your Score History
You have not taken this quiz